Statistics for Video Games Quiz

Click here to take the quiz!

General Stats

  • This quiz has been taken 968 times
  • The average score is 10 of 16

Answer Stats

Answer% Correct
Candy Crush
96%
Minecraft
91%
Clash of Clans
87%
Fortnite
84%
Roblox
83%
Valorant
80%
Clash Royal
79%
Pokémon Go
75%
Brawl Stars
74%
Subway Surfers
71%
GTA 5
63%
CS:GO
59%
Poly Bridge
40%
Rust
31%
The Forest 2
10%
Teardown
7%

Score Distribution

Percentile by Number Answered

Percent of People with Each Score

Your Score History

You have not taken this quiz